All foreign players Aberdeen FC - Statistics

General Stats
  • This quiz has been taken 40 times
  • The average score is 23 of 98
Answer Stats
Hint Answer % Correct
Bojan Miovski
74%
Duk
70%
Dante Polvara
67%
Dave Bus
59%
Peter Van De Ven
56%
Hicham Zerouali
52%
Ylber Ramadani
52%
Hans Gillhaus
48%
Richard Jensen
48%
Theo Snelders
48%
Willem Van Der Ark
48%
Ester Sokler
44%
Henning Boel
44%
Slobodan Rubežić
44%
Kelle Roos
41%
Stefan Gartenmann
41%
Baldur Bett
37%
Calum Bett
37%
Cato Guntveit
37%
Laurent D'Jaffo
37%
Markus Paatelainen
37%
Mikko Paatelainen
37%
Mixu Paatelainen
37%
Pape Gueye
37%
Rachid Belabed
37%
Roberto Bisconti
37%
Thomas Solberg
37%
Andreas Mayer
33%
Arild Stavrum
33%
Christian Ramírez
33%
David Zdrilić
33%
Eugène Dadi
33%
Ilian Kiriakov
33%
James McGarry
33%
Calvin Zola
30%
Peter Kjær
30%
Rory Fallon
30%
Theo Ten Caat
30%
Zoltán Varga
30%
Davide Grassi
26%
Joshua Parker
26%
Marc De Clerck
26%
Markus Heikkinen
26%
Vicente Besuijen
26%
Antoine Kombouaré
22%
Kári Árnason
22%
Sone Aluko
22%
Tzanko Tzvetanov
22%
Funso Ojo
19%
Ronald Hernández
19%
Andrius Velička
15%
Bertrand Bossu
15%
Donervon Daniels
15%
Dyron Daal
15%
Haraldur Ingólfsson
15%
Jens Petersen
15%
Nicolas Fabiano
15%
Patrizio Billio
15%
Alex Di Rocco
11%
Dan Twardzik
11%
David González
11%
Eric Deloumeaux
11%
Fernando Pasquinelli
11%
Ferne Snoyl
11%
Florian Kamberi
11%
Jay Gorter
11%
Jeffrey De Visscher
11%
Karim Touzani
11%
Lubomír Blaha
11%
Michael Hector
11%
Patrik Myslovič
11%
Tomáš Černý
11%
Aaron Lennox
7%
Cem Felek
7%
Chidiebere Nwakali
7%
Daniel Uchechi
7%
Etienne Verveer
7%
Greg Leigh
7%
Hallur Hansson
7%
Jørgen Ravn
7%
Juan Cobian
7%
Leif Mortensen
7%
Miko Virtanen
7%
Mohamed Chalali
7%
Nikola Vujadinović
7%
Saša Ilić
7%
Þórarinn Kristjánsson
7%
Tony Warner
7%
Yoann Folly
7%
Youl Mawéné
7%
Eddie Thomson
4%
Fabián Caballero
4%
Franck Renou
4%
Lukas Čuljak
4%
Nick Blackman
4%
Or Dadya
4%
Rógvi Holm
4%
Sven Baas
4%
No matching quizzes found
Score Distribution
Percent of People with Each Score
Percentile by Number Answered
Your Score History
You have not taken this quiz